00955 am a2200253 a 450000500170000000800410001702000150005804100080007310000190008124500760010025000970017626000390027330000240031250001500033665300350048665300180052165300200053965300160055965300160057565300200059165300480061170000200065970000220067920240619132537.0100708s2005||||mx a f |||| 001 0 spa d a9707291362 aspa1 aBrooks, Geo F. aMicrobiología médica de Jawetz, Melnick y Adelberg /cGeo F. Brooks a18a ed. traducida de la 23a edición en inglésbTraducción Francisco Sanchéz Fragoso. aMéxico: bManual Moderno;c2005. a786 p.bil.c26 cm. aBrooks, G. F., Butel, J. S. y Morse, S. A. (2005). Microbiología médica de Jawetz, Melnick y Adelberg. (18a ed.). México : Manual Moderno. aFundamentos de microbiología aInmunología aBacteriología aVirología aMicología aParasitología aMicrobiología médica para diagnóstico1 aButel, Janet S.1 aMorse, Stephen A.